Loading...
| 1 | 7 | 0 | 3 | 85 | 46 | 122.13 | 1 | 4 | 0.00 | 0.00 | |
| Literature - European | 3 | 0 | 0 | 0 | 45 | 41 | 68.33 | 1 | 3 | 0.00 | 0.00 |
| History - World | 2 | 0 | 0 | 0 | 30 | 27 | 31.00 | 2 | 2 | 0.00 | 0.00 |
| Science - Physics | 0 | 3 | 0 | 1 | 30 | 104 | 123.67 | 0 | 1 | 0.00 | 0.00 |
| Literature - British | 0 | 3 | 0 | 1 | 30 | 89 | 115.33 | 1 | 1 | 0.00 | 0.00 |
| Fine Arts - Auditory | 2 | 0 | 1 | 0 | 25 | 10 | 48.00 | 1 | 2 | 0.00 | 0.00 |
| Philosophy | 1 | 1 | 0 | 1 | 25 | 50 | 73.50 | 1 | 2 | 0.00 | 0.00 |
| Literature - American | 1 | 1 | 0 | 0 | 25 | 63 | 90.00 | 0 | 2 | 0.00 | 0.00 |
| Social Science | 1 | 1 | 0 | 1 | 25 | 70 | 106.50 | 1 | 2 | 0.00 | 0.00 |
| Science - Biology | 0 | 2 | 1 | 0 | 15 | 102 | 119.00 | 0 | 2 | 0.00 | 0.00 |
| British and Commonwealth History | 1 | 0 | 0 | 0 | 15 | 84 | 84.00 | 1 | 1 | 0.00 | 0.00 |
| Science - Chemistry | 1 | 0 | 0 | 0 | 15 | 90 | 90.00 | 0 | 1 | 0.00 | 0.00 |
| Fine Arts - Visual | 1 | 0 | 0 | 0 | 15 | 42 | 42.00 | 1 | 1 | 0.00 | 0.00 |
| Chemistry> | 0 | 1 | 0 | 0 | 10 | 89 | 89.00 | 0 | 1 | 0.00 | 0.00 |
| Current Events | 0 | 1 | 0 | 0 | 10 | 102 | 102.00 | 0 | 0 | 0.00 | 0.00 |
| History - European | 0 | 1 | 0 | 0 | 10 | 97 | 97.00 | 0 | 0 | 0.00 | 0.00 |
| Other Arts: Visual | 0 | 1 | 0 | 0 | 10 | 117 | 117.00 | 0 | 1 | 0.00 | 0.00 |
| Other Science: Astronomy | 0 | 1 | 0 | 1 | 10 | 139 | 139.00 | 0 | 0 | 0.00 | 0.00 |
| Beliefs | 0 | 1 | 1 | 0 | 5 | 94 | 94.00 | 0 | 1 | 0.00 | 0.00 |
| Other Academic | 0 | 0 | 0 | 0 | 0 | 0.00 | 0 | 0 | 0.00 | 0.00 |